Airbus - Les avions de ligne - Statistiques

Statistiques générales
  • Ce quiz a été pris 507 fois
  • Le résultat moyen est 7 sur 8
Statistiques - réponses
Mise en service Avion % Correct
1988 Airbus A320
99%
2007 Airbus A380
98%
2015 Airbus A350
95%
1994 Airbus A330
92%
1993 Airbus A340
91%
1974 Airbus A300
84%
1983 Airbus A310
84%
2016 Airbus A220
53%
Aucun quiz correspondant
Distribution des résultats
% des personnes avec chaque résultat
Percentile par nombre de réponses
Votre historique - résultats
Vous n’avez pas pris ce quiz